00640nam a2200193Ia 4500008004100000020001500041082001700056100002400073245006300097250000800160260004100168300002700209500001900236600002700255650001500282942000700297952012700304999001500431240925s9999 xx 000 0 und d a9814126942 a621.3815 GHA aGhandhi ,Sarab K. 0aVLSI Fabrication Principles: silicon and gallium arsenide  a2nd aNew York:bJohn Wiley & Sonsc,2005. axx,636p.bNAfOriginal aIncludes Index aEngineering Technology aTechnology cBK 001040708ETaUITUbUITUd2008-06-06eCapital Booksg395.00l0o621.3815 GHApQ7492r2024-09-25 07:14:37w2024-09-25yBK c9991d9991